| 000 | 00630nam a2200205Ia 4500 | ||
|---|---|---|---|
| 003 | IN-BaIIA | ||
| 008 | 211028s9999 xx 000 0 eng d | ||
| 040 | _cIIA Library | ||
| 080 |
_a047.1:539.1 _bADV-6 |
||
| 245 | 0 |
_aAdvances in nuclear science and technology _bvol. 6 _cedited by Ernest J. Henley and Jeffery Lewins |
|
| 260 |
_aNew York _bAcademic Press _c1972 |
||
| 300 | _axiii, 239p. | ||
| 650 |
_aHigh rnergy interactions _97218 |
||
| 650 | _aNASA Thesaurus | ||
| 650 |
_aNuclear physics _91527 |
||
| 650 | _aNuclear research | ||
| 700 | _aHenley, Ernest J., ed. | ||
| 700 |
_aLewins, Jeffery., ed. _97219 |
||
| 942 | _cBK | ||
| 999 |
_c4088 _d4088 |
||